LEADER 01685nam a2200349 i 4500 001 991001445209707536 008 060126m19861988it 000 0 ita d 035 $ab13373675-39ule_inst 040 $aSet. Economia$bita 082 0 $a331.03 245 00$aGlossario commentato di relazioni industriali 260 $aMilano :$bAngeli,$cc1986-1988 300 $a3 v. ;$c22 cm 440 0$aStrumenti e ricerche / ISFOL ;$v12 440 0$aStrumenti e ricerche / ISFOL ;$v13 505 0 $g1: I$tsistemi di R.I. inglese e statunitense / a cura di Tiziano Treu e Elena Pisani. - 1986 505 0 $g2: Il$tsistema di relazioni industriali italiano / a cura di Tiziano Treu, Elena Pisani, Bruno Veneziani. - 1987 505 0 $g3:$tIndici / a cura di Tiziano Treu, Elena Pisani, Bruno Veneziani. - 1988 650 4$aRelazioni industriali$zGran Bretagna$vGlossari 650 4$aRelazioni industriali$zStati Uniti d'America$vGlossari 650 4$aRelazioni industriali$zItalia$vGlossari 700 1 $aTreu, Tiziano 700 1 $aPisani, Elena 700 1 $aVeneziani, Bruno 907 $a.b13373675$b21-09-06$c26-01-06 912 $a991001445209707536 945 $aLE025 ECO 331 GLO01.01$cV. 1$g1$i2025000131941$lle025$o-$pE11.36$q-$rl$s- $t0$u0$v0$w0$x0$y.i14187656$z01-02-06 945 $aLE025 ECO 331 GLO01.01$cV. 2$g1$i2025000131934$lle025$o-$pE10.33$q-$rl$s- $t0$u0$v0$w0$x0$y.i14187668$z01-02-06 945 $aLE025 ECO 331 GLO01.01$cV. 3$g1$i2025000131927$lle025$o-$pE5.00$q-$rl$s- $t0$u0$v0$w0$x0$y.i1418767x$z01-02-06 996 $aGlossario commentato di relazioni industriali$9689209 997 $aUNISALENTO 998 $ale025$b25-01-06$cm$da $e-$fita$git $h0$i0 LEADER 01585nam0 2200385 i 450 001 VEA0099493 005 20231121125920.0 010 $a8842054054 020 $aIT$b98-12501 100 $a19981218d1998 ||||0itac50 ba 101 | $aita 102 $ait 181 1$6z01$ai $bxxxe 182 1$6z01$an 200 1 $aWittgenstein e l'etica$fPiergiorgio Donatelli 210 $aRoma \etc.!$cLaterza$d1998 215 $aXIV, 204 p.$d21 cm. 225 | $aBiblioteca di cultura moderna$v1135 410 0$1001CFI0000481$12001 $aBiblioteca di cultura moderna$v1135 606 $aWittgenstein, Ludwig$2FIR$3RMLC016478$9E 606 $aWittgenstein, Ludwig$xMorale$2FIR$3RMLC112843$9I 676 $a170.92$9$v21 676 $a193$9Filosofia occidentale moderna. Germania e Austria$v21 700 1$aDonatelli$b, Piergiorgio$3MILV160404$4070$0257346 801 3$aIT$bIT-01$c19981218 850 $aIT-RM028 $aIT-RM0289 $aIT-FR0084 $aIT-FR0017 899 $aBiblioteca Universitaria Alessandrina$bRM028 899 $aBiblioteca Statale A. Baldini$bRM0289 899 $aBiblioteca Del Monumento Nazionale Di Montecassino$bFR0084 899 $aBiblioteca umanistica Giorgio Aprea$bFR0017 $eN 912 $aVEA0099493 950 0$aBiblioteca umanistica Giorgio Aprea$d 52MAG 2/525$e 52FSS0000077185 VMB RS $fA $h20191113$i20191113 977 $a 01$a 04$a 25$a 52 996 $aWittgenstein e l'etica$91429435 997 $aUNICAS